Memoria de la Reunión Nacional Los Investigadores frente a la Reforma Municipal : conversaciones, hallazgos y riquezas /

שמור ב:
מידע ביבליוגרפי
מחבר תאגידי: Reunión Nacional Los Investigadores frente a la Reforma Municipal : conversaciones, hallazgos y riquezas ( Guadalajara, México)
מחברים אחרים: Bazdresch Parada, Miguel (coordinación) (coordinación)
פורמט: Procedimiento de la conferencia ספר
שפה:ספרדית
יצא לאור: Guadalajara, México : ITESO, Centro de Investigación y Formación Social, 1997, c1997
סדרה:(Avances ; 7)
נושאים:
תגים: הוספת תג
אין תגיות, היה/י הראשונ/ה לתייג את הרשומה!

MARC

LEADER 00000nam^a2200000^a^4500
001 000121454
005 20250521000000.0
009 20260310094427.263
020 |a 968-6101-90-X 
037 |a Acervo ITESO - Biblioteca 
041 |a ESP 
082 |a 300. 5  |b AVA V. 7 
111 |a Reunión Nacional Los Investigadores frente a la Reforma Municipal : conversaciones, hallazgos y riquezas (  |n 1o :  |d 1997 :  |c Guadalajara, México) 
240 1 1 |a [Coloquio sobre Municipalidad] 
245 1 0 |a Memoria de la Reunión Nacional Los Investigadores frente a la Reforma Municipal :  |b conversaciones, hallazgos y riquezas /  |c Coord. de M. Bazdresch Parada. 
264 4 |a Guadalajara, México :  |b ITESO, Centro de Investigación y Formación Social,  |c 1997, c1997 
300 |a 197 p. 
336 |a texto  |b txt  |2 rdacontenido 
337 |a sin mediación  |b n  |2 rdamedio 
338 |a volumen  |b nc  |2 rdasoporte 
440 1 |a (Avances ;  |v 7) 
649 |a XX 
650 |a Municipios -  |z México -  |x Tema Principal 
650 |a Federalismo -  |z México 
650 |a Participación Política -  |z México 
650 |a Transición Política -  |z México 
650 |a Cambios Políticos -  |z México 
650 |a Democracia -  |z México 
650 |a Desarrollo Económico-Social -  |z México 
650 |a Administración Pública -  |z México 
650 |a Economía -  |z México -  |x Historia -  |y 1994-2000 
650 |a Economía -  |z México -  |x Historia -  |y Siglo XX 
650 |a Política -  |z México -  |x Historia -  |y 1994-2000 
650 |a Política -  |z México -  |x Historia -  |y Siglo XX 
650 |a Ciencias Sociales -  |x Publicaciones Periódicas Mexicanas 
700 |a Bazdresch Parada, Miguel  |e (coordinación) 
910 |a Fondo General 
920 |a Impresos - Libros 
930 |a Colección General 
905 |a 101 
901 |a 0500025943  |b IT1  |c ACC  |u 20250521 
901 |a 0500025946  |b IT1  |c ACC  |u 20250521 
901 |a 0500025940  |b IT1  |c ACC  |u 20250521 
901 |a 0500233378  |b IT1  |c ACC  |i D63644  |u 20250521 
902 |a https://opac.biblio.iteso.mx/vufind/Record/000121454